书目信息 |
| 题名: |
中国美术通史
|
|
| 作者: | 王伯敏 主编 | |
| 分册: | 第一卷 | |
| 出版信息: | 济南 山东教育出版社 1987 |
|
| 页数: | 393页 | |
| 开本: | 26cm | |
| 丛书名: | ||
| 单 册: | ||
| 中图分类: | J120.9 | |
| 科图分类: | ||
| 主题词: | 美术史--中国 | |
| 电子资源: | ||
| ISBN: | 7-5328-0001-6 | |
| 000 | 00639nam0 2200217 45 | |
| 001 | 0198019060 | |
| 005 | 20061118102434.79 | |
| 010 | @a7-5328-0001-6@b精装@dCNY18.30 | |
| 100 | @a19980405d1987 kemy0chiy0121 ea | |
| 101 | 0 | @achi |
| 102 | @aCN@b370000 | |
| 105 | @af z 000yy | |
| 200 | 10 | @a中国美术通史@Azhong guo mei shu tong shi@h第一卷@f王伯敏主编 |
| 210 | @a济南@c山东教育出版社@d1987 | |
| 215 | @a393页@c图@d26cm | |
| 510 | 1 | @aComprehensive history of Chinese fine arts@zeng |
| 606 | @a美术史@y中国 | |
| 690 | @aJ120.9@v1 | |
| 701 | 0 | @a王伯敏@Awang bo min@4主编 |
| 801 | 0 | @aCN@bTSSF@c20061118 |
| 905 | @a10447@dJ120.9@e11:1 | |
| 中国美术通史.第一卷/王伯敏主编.-济南:山东教育出版社,1987 |
| 393页:图;26cm |
| ISBN 7-5328-0001-6(精装):CNY18.30 |
| ● |
| 相关链接 |
|
|
|
|
正题名:中国美术通史
索取号:J120.9/11:1
 
预约/预借
| 序号 | 登录号 | 条形码 | 馆藏地/架位号 | 状态 | 备注 |
| 1 | 0208912 | 001214643 | 第一样本阅览室/ [索取号:J120.9/11:1] | 在馆 |